000 00573nam a22002057a 4500
003 Ost
005 20250320204332.0
008 250320b |||||||| |||| 00| 0 eng d
020 _a9789355738103
040 _cBT-PhCST
050 _a25268-25272
082 _222
_a624.15136
_bDAS
100 _aDas, Braja M.
245 _aPrinciples of geotechnical engineering /
250 _a10th ed.
260 _aNarela, New Delhi,
_bCengage Learning, Inc.
_cc2022
300 _axix, 732 p. :
_bill. ;
_c29 cm.
500 _aIncludes index and some photographs.
942 _2ddc
_cCIVIL
999 _c9940
_d9940